| 000 | 00726cam a22002531 4500 | ||
|---|---|---|---|
| 001 | 29496 | ||
| 003 | BD-RjUL | ||
| 005 | 20211209051423.0 | ||
| 008 | 140403s1960 nyua b 000 0 eng | ||
| 035 | _a(BD-RjUL)29581 | ||
| 035 | _a(OCoLC)268911 | ||
| 040 |
_aDLC _cOClW _dOCoLC _dUk _dDLC _dBD-RjUL _beng |
||
| 041 | _aeng | ||
| 082 | 4 |
_a501.8 _bRAI 1960 |
|
| 100 | 1 |
_aRay, William Samuel, _d1917- _989907 |
|
| 245 | 1 | 3 |
_aAn introduction to experimental design / _cWilliam Samuel Ray. |
| 260 |
_aNew York : _bMacmillan, _cc1960. |
||
| 300 |
_a254 p. : _billus. ; _c25 cm. |
||
| 504 | _aIncludes bibliography. | ||
| 650 | 0 |
_aExperimental design. _989908 |
|
| 942 |
_2ddc _cBK |
||
| 999 |
_c29496 _d29496 |
||